| 000 | 00847nam a2200229 a 4500 | ||
|---|---|---|---|
| 003 | CBULib | ||
| 005 | 20240423090529.0 | ||
| 008 | 100408s2003 ||||||||||||||||| || u | ||
| 020 | _a9211168872 | ||
| 040 |
_aCBULib _bEnglish _cCBULib _dCBUlib _erda |
||
| 050 | _aUN-ECE(02)2003/03 | ||
| 110 | _aUnited Nations Economic Commission for Europe (UNECE) | ||
| 245 | 1 | 0 |
_aPopulation ageing and socio-economic status of older persons in Estonia _c/by United Nations Economic Commission For Europe (UN-ECE) |
| 260 |
_aNew York : _bUNITED NATIONS _c2003 |
||
| 300 | _axi, 161pages. : illustrations | ||
| 336 |
_2rdacontent _aText | _btxt |
||
| 337 |
_2rdamedia _aUnmediated | _bn |
||
| 338 |
_2rdacarrier _aVolume _bnc |
||
| 650 | _aOLDER PEOPLE--ESTONIA--STATISTICS | ||
| 942 |
_2mc _c029 |
||
| 999 |
_c53993 _d53993 |
||